004850000a220019300045001000031000002450018000316500026000496500016000756500020000916500010001116530018001216530015001396530012001546530026001666530022001926530024002140410014002387730039002521 aAgudelo H., Carlos Alberto10aAmaranthaceae14aPlantas neotropicales14aTaxonomía14aNuevas especies14aFlora gAlternanthera gAmaranthus gPfaffia ePfaffia miraflorensis ePfaffia patiensis ePfaffia tayronensis0 aEspañol1 tFlora de Colombiah23q1-138d2008